000 00924nas a2200301 4500
001 BR0602738
003 BR-BrBNA
005 20231205110053.0
007 ta
008 230509b bl.|||p| |||| 00| 00por d
040 _aBR-BrBNA
_bpor
_cBiblioteca Nacional de Agricultura
041 _a(Pt)
072 _aL72
100 1 _aRangel, V.b.
100 1 _aLeite, R.C.
100 1 _aOliveira, P.R.
100 1 _aSantos Junior, E.J.
245 1 _aResistência de Coopeira spp. e Haemonchus spp. às avermectinas em bovinos de corte
650 _aGADO DE CORTE
650 _aCOOPERIA PUNCTATA
650 _aHELMINTO
650 _aLARVA
650 _aOVO
650 _aRESISTÊNCIA A PRODUTOS QUÍMICOS
773 0 _tArquivo Brasileiro de Medicina Veterinária e Zootecnia (Brazil)
_xISSN 0102-0935
_g(Apr 2005), v. 57(2) p. 186-190
_wBR0602738
909 _a202311
_bLúcia
_c55
_dLúcia Elande
942 _2AGRIS
_n0
_cANA
999 _c186074
_d186074